000 00323nam a2200133Ia 4500
005 20260328104321.0
008 260328s9999||||xx |||||||||||||| ||und||
100 _aCassarĂ¡, Silvio
245 0 _aRichard Meir /
_cSilvio CassarĂ¡
260 _bGustavo Gili
300 _a223 p.
650 _aMEIR,RICHARD-1934
942 _cBK
999 _c11370
_d11370